<?xml version="1.0" encoding="UTF-8"?>
<record
    xmlns:xsi="http://www.w3.org/2001/XMLSchema-instance"
    xsi:schemaLocation="http://www.loc.gov/MARC21/slim http://www.loc.gov/standards/marcxml/schema/MARC21slim.xsd"
    xmlns="http://www.loc.gov/MARC21/slim">

  <leader>00868nam a2200265   4500</leader>
  <datafield tag="952" ind1=" " ind2=" ">
    <subfield code="a">0001</subfield>
    <subfield code="b">0001</subfield>
    <subfield code="d">2020-01-29</subfield>
    <subfield code="e">2</subfield>
    <subfield code="l">0</subfield>
    <subfield code="o">158.1 K74k 2017</subfield>
    <subfield code="p">013526</subfield>
    <subfield code="r">2020-01-29 00:00:00</subfield>
    <subfield code="w">2020-01-29</subfield>
    <subfield code="y">BKS</subfield>
  </datafield>
  <datafield tag="999" ind1=" " ind2=" ">
    <subfield code="c">13743</subfield>
    <subfield code="d">13743</subfield>
  </datafield>
  <controlfield tag="003">MIRAKIL</controlfield>
  <controlfield tag="005">20200129121608.0</controlfield>
  <controlfield tag="008">200129b        tu ||||| |||| 00| 0 tur d</controlfield>
  <datafield tag="020" ind1=" " ind2=" ">
    <subfield code="a">9786050303322</subfield>
  </datafield>
  <datafield tag="040" ind1=" " ind2=" ">
    <subfield code="a">TR-AnCHP</subfield>
    <subfield code="c">TR-AnCHP</subfield>
  </datafield>
  <datafield tag="041" ind1=" " ind2=" ">
    <subfield code="a">tur</subfield>
  </datafield>
  <datafield tag="082" ind1=" " ind2=" ">
    <subfield code="a">158.1</subfield>
    <subfield code="b">K74k 2017</subfield>
  </datafield>
  <datafield tag="100" ind1=" " ind2=" ">
    <subfield code="a">K&#xF6;ken, Yusuf Y&#xFC;ksel</subfield>
  </datafield>
  <datafield tag="245" ind1="1" ind2="0">
    <subfield code="a">Kendi kendinin efendisi ol : </subfield>
    <subfield code="b">ad&#x131;m ad&#x131;m olumlu d&#xFC;&#x15F;&#xFC;nce/</subfield>
    <subfield code="c">Yusuf Y&#xFC;ksel K&#xF6;ken ; edit&#xF6;r: Alaeddin Usta</subfield>
  </datafield>
  <datafield tag="246" ind1=" " ind2=" ">
    <subfield code="a">ad&#x131;m ad&#x131;m olumlu d&#xFC;&#x15F;&#xFC;nce</subfield>
  </datafield>
  <datafield tag="260" ind1=" " ind2=" ">
    <subfield code="a">Ankara:</subfield>
    <subfield code="b">[yayl.y.],</subfield>
    <subfield code="c">2017.</subfield>
    <subfield code="f">Ba&#x15F;ak Matbaac&#x131;l&#x131;k.</subfield>
  </datafield>
  <datafield tag="300" ind1=" " ind2=" ">
    <subfield code="a">441 s.:</subfield>
    <subfield code="c">22 sm.</subfield>
  </datafield>
  <datafield tag="500" ind1=" " ind2=" ">
    <subfield code="a">Yap&#x131;t yazar&#x131;ndan imzal&#x131;d&#x131;r.</subfield>
  </datafield>
  <datafield tag="504" ind1=" " ind2=" ">
    <subfield code="a">Kaynak&#xE7;a vard&#x131;r.</subfield>
  </datafield>
  <datafield tag="650" ind1=" " ind2="0">
    <subfield code="9">6253</subfield>
    <subfield code="a">Ki&#x15F;isel geli&#x15F;im</subfield>
  </datafield>
  <datafield tag="650" ind1=" " ind2="0">
    <subfield code="9">6254</subfield>
    <subfield code="a">Olumlu d&#xFC;&#x15F;&#xFC;nce</subfield>
    <subfield code="x">Mutluluk</subfield>
  </datafield>
  <datafield tag="700" ind1="1" ind2=" ">
    <subfield code="9">3844</subfield>
    <subfield code="a">Usta, Alaeddin</subfield>
    <subfield code="e">ed.</subfield>
  </datafield>
  <datafield tag="740" ind1=" " ind2=" ">
    <subfield code="a">ad&#x131;m ad&#x131;m olumlu d&#xFC;&#x15F;&#xFC;nce</subfield>
  </datafield>
  <datafield tag="942" ind1=" " ind2=" ">
    <subfield code="2">ddc</subfield>
    <subfield code="c">BKS</subfield>
  </datafield>
</record>
